Представление документа в формате MARC21

Поле Инд. ПП Название Значение
Тип записи a
Библиографический уровень b
001 Контрольный номер RU/IS/BASE/290105519
005 Дата корректировки 20211026155751.9
008 Кодируемые данные 20090311
040 b Код языка каталог. rus
e Правила каталог. PSBO
041 0_ a Код языка текста rus
084 a Индекс другой классификации/Индекс ББК 81.603-21
100 1_ a Автор Алиева Э. Н.
245 10 a Заглавие Категория эвиденциальности в русском, английском и лезгинском языках
504 a Библиография Библиогр. ссылки
520 0_ a Аннотация Представлены некоторые наблюдения, показывающие наличие в лезгинском языке морфологического показателя с функцией передачи чужой речи. Исследование основывается на сопоставильном анализе способов передачи чужой речи в русском, английском и лезгинском языках. За основу сопоставления взято модальное обозначение
650 04 a Основная рубрика грамматика
a Основная рубрика морфология языка
a Основная рубрика филологические науки
a Основная рубрика частное языкознание
a Основная рубрика языкознание
653 0_ a Ключевые слова английский язык
a Ключевые слова лезгинский язык
a Ключевые слова модальное значение
a Ключевые слова русский язык
a Ключевые слова сопоставительное языкознание
a Ключевые слова эвиденциальность
773 08 t Заглавие источника Филологические науки
d Дата издания источника 2008
g Прочая информация № 1. - С. 78 - 84
w Контрольный № источника RU/IS/BASE/256826202
901 t Тип документа b